000 00536cam a2200205ua 4500
001 3644
008 111125n ii |||gr||||Z||||||eng
020 _a81-7022-318-0
040 _cMAIN
082 _a370.822
100 _aAgrawal, S. P.,
_eAuthor.
245 1 1 _aWomens education in india
_cby S, P. Agrawal
250 _a1st.
260 _aNew Delhi:
_bConcept publishing company,992.
300 _a316p:
_c23cm.
653 _aEducation
653 _aWomens education in india
700 _aAggarwal, J. C.,
_eAuthor.
942 _cBK
999 _c3484
_d3484